Transfery Wolves w letnim okienku transferowym 2020/21. - Statystyki

Ogólne statystyki
  • Ten quiz został rozwiązany 43 razy
    31 od ostatniego zresetowania
  • Średni wynik to 3 z 7
Statystyki odpowiedzi
Cena Pozycja Poprzedni klub Piłkarz % Poprawnych
30,00 mln Prawy obrońca Barcelona Semedo
91%
40,00 mln Środkowy napastnik Porto Silva
64%
2,00 mln Lewy obrońca Lyon Marcal
36%
9,80 mln Prawy obrońca Liverpool U23 Hoever
32%
Wypożyczenie Lewy obrońca Angers Ait Nouri
23%
Wypożyczenie Ofensywny pomocnik Porto Vitinha
14%
Za darmo Bramkarz Aston Villa Sarkic
5%
Nie znaleziono quizów pasujących do podanych kryteriów
Rozkład punktacji
Procent ludzi z każdym wynikiem
Percentyl według liczby udzielonych odpowiedzi
Twoja historia wyników
Nie rozwiązałeś tego quizu od ostatniego zresetowania